Super Animal Royale Guns By Picture - Statistics

General Stats
  • This quiz has been taken 63 times
  • The average score is 7 of 10
Answer Stats
Picture Answer % Correct
Shotgun
95%
Sniper
82%
Minigun
80%
AK-47
77%
SMG
75%
Deagle
73%
Silenced Pistol
70%
Magnum
64%
M16
59%
Donga's Dart Gun
14%
No matching quizzes found
Score Distribution
Percent of People with Each Score
Percentile by Number Answered
Your Score History
You have not taken this quiz